000 00291nam a2200121Ia 4500
008 190216s9999||||xx |||||||||||||| ||und||
100 _aVallathol
245 0 _aAbinjana Shakunthalam
260 _b"Vallathol Grandhalayam, Cheruthuruthi"
300 _a130
650 _aNadakam
942 _cBK
999 _c27270
_d27270